000 01009nam a2200457Ia 4500
001 11728
003 23093
005 20241225063431.0
008 ||||||n9999 ||| || ||
041 _aspa
082 _219
_a920
100 _aLamartine, Alfonso
_919493
245 0 _aEl civilizador o historia de la humanidad por sus grandes hombres
260 _aEspaña :
_bImprenta y Libreria de Miguel Guijarro,
_c1979.
300 _a159p
562 _e1
650 0 _aBiografías
_9493
650 _aHISTORIA
_919492
650 _aPERSONAJES
_915269
942 _cBKM
999 _c11728
_d11728
526 _a
526 _a17598
526 _a102617
526 _a102618
526 _a15794
526 _a102619
526 _a1703
526 _a102620
526 _a10406
526 _a105630
526 _a1698
526 _a116204
526 _a51868
526 _a4969
526 _a19790
526 _a104436
526 _a5144
526 _a1697
526 _a3899
526 _a9683